|
|
|
|
| LEADER |
01080Cam#a22002775a#4500 |
| 001 |
024365 |
| 005 |
20160721161054.0 |
| 008 |
130207s2006||||ag # |#w #000|0#spa#d |
| 020 |
|
|
|a 9870104819
|
| 040 |
|
|
|a AR-BeUNQ
|
| 082 |
0 |
4 |
|a 657
|2 21
|
| 245 |
0 |
0 |
|a Resoluciones técnicas 4 a 23 :
|b Federación Argentina de Consejos Profesionales de Ciencias Económicas
|c [compilado por Ricardo Parada, José Errecaborde y Francisco Cañada].
|
| 260 |
|
|
|a Buenos Aires :
|b Errepar,
|c c2006.
|
| 300 |
|
|
|a 333 p. ;
|c 27 cm.
|
| 500 |
|
|
|a En portada: "Incluye resoluciones (FACPCE) 315/2005, 323/2005 y 324/2005".
|
| 650 |
|
7 |
|a Resoluciones
|2 spines
|
| 650 |
|
7 |
|a Economía
|2 spines
|
| 650 |
|
7 |
|a Normas
|2 spines
|
| 650 |
|
7 |
|a Legislación
|2 spines
|
| 700 |
1 |
|
|a Parada, Ricardo,
|e comp.
|4 com
|
| 700 |
1 |
|
|a Errecaborde, José,
|e comp.
|4 com
|
| 700 |
1 |
|
|a Cañada, Francisco,
|e comp.
|4 com
|
| 710 |
2 |
|
|a Federación Argentina de Consejos Profesionales de Ciencias Económicas.
|
| 929 |
|
|
|a DONACION
|b Héctor M. Paulone
|d 0
|e 20091015
|f PAT0032378
|g 1414
|j 48723
|
| 942 |
|
|
|c LIB
|n 0
|
| 999 |
|
|
|c 22872
|d 98259
|